Cyclisme : Top 20 de la Classique San Sebastian 2024 - Statistiques

Statistiques générales
  • Ce quiz a été pris 14 fois
  • Le résultat moyen est 8 sur 20
Statistiques - réponses
Position Equipe Coureur % Correct
1er UAE Team Emirates Marc Hirschi
100%
2eme Soudal Quick Step Julian Alaphilippe
92%
8eme Israel Premier Tech Michael Woods
69%
3eme Lotto Dstny Lennert Van Eetvelt
62%
18eme Lotto Dstny Maxim Van Gils
62%
19eme UAE Team Emirates Pavel Sivakov
62%
10eme UAE Team Emirates Brandon McNulty
46%
6eme EF Education Easypost Neilson Powless
46%
16eme Lotto Dstny Andreas Kron
38%
11eme Decathlon Ag2r La Mondiale Ben O’Connor
38%
17eme Equipo Kern Pharma Pablo Castrillo
38%
9eme UAE Team Emirates Jan Christen
31%
13eme Caja Rural Seguros RGA Jefferson Alveiro Cepeda
31%
4eme Dsm Firmeninch PostNL Kevin Vermaerke
31%
5eme Ineos Grenadier Jhonatan Narvaez
23%
7eme Lidl Trek Patrick Konrad
23%
14eme Decathlon Ag2r La Mondiale Clement Berthet
15%
15eme Red Bull Bora Hansgrohe Florian Lipowitz
8%
12eme Israel Premier Tech George Bennett
8%
20eme Lidl Trek Julien Bernard
8%
Aucun quiz correspondant
Distribution des résultats
% des personnes avec chaque résultat
Percentile par nombre de réponses
Votre historique - résultats
Vous n’avez pas pris ce quiz